При загорании или пожаре вызывайте по телефону 01 или АБ "Пожарную помощь" (Запись № 75669)
[ простой вид ]
| 000 -МАРКЕР | |
|---|---|
| контрольное поле | 02204nkm0a2200409 4500 |
| 001 - ИДЕНТИФИКАТОР ЗАПИСИ | |
| контрольное поле | RU\NLR\DIGIT\525822 |
| 005 - ИДЕНТИФИКАТОР ВЕРСИИ | |
| контрольное поле | 20250806204427.0 |
| 035 ## - ДРУГИЕ СИСТЕМНЫЕ НОМЕРА | |
| Идентификатор записи | (NLR Aleph) 010459967 |
| 100 ## - ДАННЫЕ ОБЩЕЙ ОБРАБОТКИ | |
| Данные общей обработки | 20250806 rusy50 |
| 101 0# - ЯЗЫК РЕСУРСА | |
| Язык текста, звукозаписи и т.д. | русский |
| 102 ## - СТРАНА ПУБЛИКАЦИИ ИЛИ ПРОИЗВОДСТВА | |
| Страна публикации | российская федерация |
| 116 ## - ПОЛЕ КОДИРОВАННЫХ ДАННЫХ: ИЗОБРАЗИТЕЛЬНЫЕ МАТЕРИАЛЫ | |
| Кодированные данные для изобразительных материалов. | diycxx zz ad |
| 135 ## - ПОЛЕ КОДИРОВАННЫХ ДАННЫХ: ЭЛЕКТРОННЫЕ РЕСУРСЫ | |
| Кодированные данные для электронного ресурса | crcn 024anaba |
| 200 1# - ЗАГЛАВИЕ И СВЕДЕНИЯ ОБ ОТВЕТСТВЕННОСТИ | |
| Основное заглавие | При загорании или пожаре вызывайте по телефону 01 или АБ "Пожарную помощь" |
| Сведения, относящиеся к заглавию | [Плакат] |
| 210 ## - ПУБЛИКАЦИЯ, РАСПРОСТРАНЕНИЕ И ДР. | |
| Место издания, распространения и т.д. | [Ленинград] |
| Имя издателя, распространителя и т. д. | ЛТ УН-9 |
| Дата издания, распространения и т.д. | [1941-1943] |
| 215 ## - ФИЗИЧЕСКАЯ ХАРАКТЕРИСТИКА | |
| Специфическое обозначение материала и объем | 1 л. |
| 325 ## - ПРИМЕЧАНИЕ О КОПИИ | |
| Текст примечания | Копия доступна в Электрон. б-ке РНБ http://vivaldi.nlr.ru/la000070037/view |
| 327 ## - ПРИМЕЧАНИЯ О СОДЕРЖАНИИ | |
| Текст примечания | Информация о телефонах пожарной службы |
| 517 1# - ДРУГИЕ ВАРИАНТЫ ЗАГЛАВИЯ | |
| Вариант заглавия | Сообщите точный адрес пожара... |
| 540 1# - ДОПОЛНИТЕЛЬНОЕ ЗАГЛАВИЕ, ПРИМЕНЯЕМОЕ КАТАЛОГИЗАТОРОМ | |
| Заглавие | По пожарному сигналу разбей стекло, нажми кнопку |
| 606 1# - НАИМЕНОВАНИЕ ТЕМЫ КАК ПРЕДМЕТ | |
| Наименование темы | Блокада Ленинграда |
| Хронологический подзаголовок | 1941 - 1944 |
| Формальный подзаголовок | Плакаты |
| Код системы | nlr_sh1 |
| -- | nlr_sh2 |
| Идентификатор авторитетной/нормативной записи | RU\NLR\AUTH\661253360 |
| 608 ## - ФОРМА, ЖАНР, ФИЗИЧЕСКИЕ ХАРАКТЕРИСТИКИ ДОКУМЕНТА КАК ТОЧКА ДОСТУПА | |
| Начальный элемент ввода | Плакаты инструктивно-методические |
| 610 0# - НЕКОНТРОЛИРУЕМЫЕ ПРЕДМЕТНЫЕ ТЕРМИНЫ | |
| Предметный термин | Плакаты |
| 801 #2 - ИСТОЧНИК ЗАПИСИ | |
| Страна | российская федерация |
| Организация | NLR |
| Дата составления | 20140808 |
| Источник данных | rusmarc |
| 830 ## - ОБЩЕЕ ПРИМЕЧАНИЕ, СОСТАВЛЕННОЕ КАТАЛОГИЗАТОРОМ | |
| Текст примечания | В каталоге "ЛЕНИНГРАД В ВЕЛИКОЙ ОТЕЧЕСТВЕННОЙ ВОЙНЕ : Печать Ленинграда, 1941 - 1945 : каталог изданий, хранящихся в фондах Гос. Публ. б-ки, вып.2. Листовки, плакаты, открытки, альбомы" (Ленинград, 1972) не значится |
| 852 ## - МЕСТОНАХОЖДЕНИЕ И ШИФР ХРАНЕНИЯ | |
| Идентификатор организации | NLR |
| Наименование фонда или коллекции (Sub-Location Identifier) | Л3-310 п |
| Шифр хранения (Call Number) | 8/1-1 |
| 856 #0 - МЕСТОНАХОЖДЕНИЕ ЭЛЕКТРОННЫХ РЕСУРОВ И ДОСТУП К НИМ | |
| Универсальный идентификатор ресурса (Uniform Resource Identifier) | http://vivaldi.nlr.ru/la000070037/view |
| 856 #1 - МЕСТОНАХОЖДЕНИЕ ЭЛЕКТРОННЫХ РЕСУРОВ И ДОСТУП К НИМ | |
| Универсальный идентификатор ресурса (Uniform Resource Identifier) | http://vivaldi.nlr.ru/la000070037/cover |
| 856 #2 - МЕСТОНАХОЖДЕНИЕ ЭЛЕКТРОННЫХ РЕСУРОВ И ДОСТУП К НИМ | |
| Универсальный идентификатор ресурса (Uniform Resource Identifier) | http://vivaldi.nlr.ru/la000070037/text |
| 942 ## - ДОПОЛНИТЕЛЬНЫЕ ЭЛЕМЕНТЫ ЗАПИСИ (АБИС) | |
| Тип экземпляра АБИС | Визуальный материал |
| 945 ## - Информацию об издании предоставили: | |
| Полное название организации, предоставившей материал | Российская национальная библиотека |
| 980 ## - КОЛЛЕКЦИЯ | |
| Название коллекции | Библиография Победы |
| 981 17 - КОЛЛЕКЦИЯ ЭЛЕКТРОННОЙ БИБЛИОТЕКИ | |
| Название коллекции | Изографические материалы |
| Название подколлекции | Плакаты |
| 981 37 - КОЛЛЕКЦИЯ ЭЛЕКТРОННОЙ БИБЛИОТЕКИ | |
| Название коллекции | Ленинград в Великой Отечественной войне |
Нет доступных экземпляров.





